000 00451nam a2200181Ia 4500
005 20240823053440.0
008 240823s9999||||xx |||||||||||||| ||und||
041 _aENGLISH
082 _A530.141 N3
100 _aSatya Prakash
245 0 _aElectro Magnetic Theory and Electro Dynamics
250 _a7th
260 _c1993
_b"Keder nath,Meerut"
500 _aTRANSFERED
650 _aElectromagnetism
_bPhysics
942 _cBK
999 _c224178
_d224178